| 000 | 00497nam a2200205Ia 4500 | ||
|---|---|---|---|
| 003 | OSt | ||
| 005 | 20220928152017.0 | ||
| 006 | a|||||r|||| 00| 0 | ||
| 007 | ta | ||
| 008 | 220927b |||||||| |||| 00| 0 eng d | ||
| 024 | _a139763 | ||
| 037 | _cTextual | ||
| 040 |
_aSDCL _cSDCL _beng |
||
| 041 |
_2eng _aeng |
||
| 082 | _aX72.2'N9, N7 | ||
| 245 | 0 |
_aIndia _b Tax measures and reforms 1991-97 |
|
| 260 | _c1997 | ||
| 942 |
_hX72.2'N9, N7 _cTEXL _2CC |
||
| 999 |
_c853870 _d853870 |
||